Регионална библиотека "Любен Каравелов" - Русе

Египетски приказки (Запис номер 495629)

MARC детайли
000 -Лидер
Контролно поле с фиксирана дължина 00950nam a2200277 c 4500
003 - Код на организацията, давaща контролен номер
Контролно поле BLK
005 - Дата и час на последна редакция
Контролно поле 20240316120529.0
008 - Елементи от данни с фиксирана дължина
fixed length control field 180408b bul|||||r ||||||| ||bul||
020 ## - Международен стандартен номер на книга ISBN
Международен стандартен номер на книга ISBN 9786190112822
040 ## - Източник на каталожния запис
Идентификатор на билиотеката - собственик на записа BLK
041 ## - Код за език
Код за езика на текст/звукозапис или на отделно заглавие Български
Код за езика КДБФ Български
080 ## - УДК
Текстов определител УДК Литература на Египет
УДК код - определител по УДК 821.411.21(62)
УДК - код + определител 821.411.21(62)-93-34
139 ## - Редно поле
Авторски знак Ег - Е 23
245 10 - Сведения за заглавието
Заглавие Египетски приказки
Редно поле (дума) състав. и прев. от древноегипетски Сергей Игнатов
260 ## - Област на издателските данни
Име на издателя, разпространителя и проч. Изток-Запад
Година на издаване 2023
9 (RLIN) 210881
Място на издаване, разпространение и проч. София
Издателство - префикс ISBN 978-619-01- ; 978-619-152- ; 978-954-321- ; 954-8945-
300 ## - Физическа характеристика
Страници 112 с.
Илюстрации и др. с цв. ил.
Размери/Мащаб 23 см
380 ## - Жанр
Жанр Детска худож. лит.
504 ## - Забележка за наличие на библиография и др
Забележка за наличие на библиография и под. 93
590 ## - Забележки на библиотеката, притежаваща документа (RLIN)
Служебно ф
700 1# - Други автори (авторска отговорност)
Лично име Игнатов, Сергей Симеонов
Автороска отговорност (Описва отношението между автора и произведението) прев.
9 (RLIN) 71969
852 ## - Местоположение
Форматна сигнатура Цб 322221
Фондова буква Хранилище
856 4# - Електронен адрес и достъп
Електронен формат pdf - файл
856 4# - Електронен адрес и достъп
Електронен формат pdf - файл
942 ## - АРТИКУЛИ
Вид на библиотечния материал Книги
Скрит в OPAC Не
Koha issues (borrowed), all copies 1
944 ## - СЪЗДАВАНЕ И РЕДАКЦИЯ на ЗАПИСА
Създаване/Редакция Редакция
Дата на регистрацията/редакция 2024
Служител, извършил регистрацията/редакцията 30532
Статус, дата на статуса Мира Стойчева
999 ## - СИСТЕМНИ КОНТРОЛНИ НОМЕРА
Koha biblionumber 495629
Koha biblioitemnumber 495629
Наличности
Код за отписване Код за изгубен артикул Източник на класификационната схема Код за повреда Код за отдаване Артикулен № Име на библиотеката - собственик Име на библиотеката, в която се намира в момента Статус (Текущо местоположение) Дата на вписване в системата Местоположение - отдел Цена в лева Инвентарен номер Систематично азбучна сигнатура Баркод Цена в евро Служебен тип на артикула Коз за рестрикции
  Не е изгубен Universal Decimal Classification Не е повреден заемане за дома 933693 Регионална библиотека "Любен Каравелов" Русе Регионална библиотека "Любен Каравелов" Русе Детски отдел 2023-09-26 Детски отдел 15.00 120000892861 821-93/Е 23 120000892861 7.67 Книги  
  Не е изгубен Universal Decimal Classification Не е повреден заемане за дома 933694 Регионална библиотека "Любен Каравелов" Русе Регионална библиотека "Любен Каравелов" Русе Детски отдел 2023-09-26 Детски отдел 15.00 120000892860 821-93/Е 23 120000892860 7.67 Книги  
  Не е изгубен Universal Decimal Classification Не е повреден ползва се в читалня 941356 Регионална библиотека "Любен Каравелов" Русе Регионална библиотека "Любен Каравелов" Русе Хранилище 2024-03-18 Хранилище 20.00 120000900370 Цб 322221 120000900370 10.23 Книги само за читалня
Vip Innovations Ltd, Rousse, Bulgaria 2025